Někdo jako ty /
Svěže napsaný román o tom, co se stane, když jednovaječné dvojče jde na schůzku místo své sestry a zamiluje se do muže, který byl původně souzen někomu jinému.
Uloženo v:
| Hlavní autor: | |
|---|---|
| Další autoři: | |
| Médium: | E-kniha |
| Jazyk: | Czech |
| Vydáno: |
Praha :
Beta,
2024
|
| Vydání: | Vydání první |
| Témata: | |
| Tagy: |
Žádné tagy |
| LEADER | 02784nam a2200433 i 4500 | ||
|---|---|---|---|
| 001 | 312441 | ||
| 003 | CZ PrSKC | ||
| 005 | 20260601215722.0 | ||
| 007 | ta | ||
| 008 | 240628s2024 xr g 000 f cze | ||
| 015 | |a cnb003613293 | ||
| 020 | |a 9788075936073 |q (vázáno) | ||
| 035 | |a (OCoLC)1468022650 | ||
| 040 | |a ABG001 |b cze |e rda | ||
| 041 | 1 | |a cze |h eng | |
| 072 | 7 | |a 821.111(73)-3 |x Americká próza |2 Konspekt | |
| 080 | |a 821.111(73)-31 |2 MRF | ||
| 080 | |a (0:82-31)-055.2 |2 MRF | ||
| 100 | 1 | |a Renshaw, Winter |7 xx0220938 |4 aut | |
| 240 | 1 | 0 | |a You or someone like you. |l Česky |
| 245 | 1 | 0 | |a Někdo jako ty / |c Winter Renshawová ; z anglického originálu You or someone like you ... přeložila Jana Rajnyšová |
| 250 | |a Vydání první | ||
| 264 | 1 | |a Praha : |b Beta, |c 2024 | |
| 300 | |a 311 stran ; |c 22 cm | ||
| 336 | |a text |b txt |2 rdacontent | ||
| 337 | |a bez média |b n |2 rdamedia | ||
| 338 | |a svazek |b nc |2 rdacarrier | ||
| 520 | 2 | |a Svěže napsaný román o tom, co se stane, když jednovaječné dvojče jde na schůzku místo své sestry a zamiluje se do muže, který byl původně souzen někomu jinému. |b Mít identické dvojče má svoje výhody, ale když mě sestra požádala, abych šla na rande s Romanem Bellisariem, nebyla jsem z toho zrovna dvakrát nadšená. Jasně, je to až hříšně hezký a úspěšný chlap, ale taky mě před třemi lety vyhodil z mé vysněné práce. Jenže na tom rande závisí sestřino povýšení, takže to nemůžu odmítnout. A kupodivu se ukázalo, že se k sobě hodíme. Já prodávám umění. On ho sbírá. Jsme oba posedlí podivným, tajemným umělcem, o kterém většina lidí ani neví, že existuje. Roman je ovšem opatrný a já chápu důvody proč - je vdovec s dítětem. Ale jak ubíhá jedno rande za druhým, začne se mi otevírat a já si nemůžu pomoct, abych se do něj nezamilovala. Problém je, že si Roman stále myslí, že jsem svoje sestra. Bude naše záměna to nejlepší, co mohlo mě a Romana potkat, nebo lež, která nás navždy rozdělí? Nakladatelská anotace. | |
| 655 | 7 | |a americké romány |7 fd131796 |2 czenas | |
| 655 | 7 | |a romány pro ženy |7 fd187897 |2 czenas | |
| 655 | 9 | |a American fiction |2 eczenas | |
| 655 | 9 | |a women's novels |2 eczenas | |
| 700 | 1 | |a Rajnyšová, Jana, |d 1974- |7 xx0196555 |4 trl | |
| 900 | |a ABA001 |b 20 | ||
| 928 | 9 | |a Pavel Dobrovský - Beta | |
| 044 | |a xr | ||
| 910 | |a RBIT002 | ||
| 998 | |d 407233 |a https://core.palmknihy.cz/api/books/407233/cover?sgjfyq |b https://core.palmknihy.cz/api/books/407233/cover/400?sgjfyq |c https://core.palmknihy.cz/api/books/407233/cover/50?sgjfyq |e 2028-10-02 |g 312 |i 9788075936073 |j https://core.palmknihy.cz/api/books/407233/preview.epub |l |q 49 |r 1 |s https://www.palmknihy.cz/kniha/407233 |t ebook |y 2024 |z 0 | ||
| 999 | |d 312439 | ||